The Eco-Vision of the Earth Community: Biblical and Theological Perspectives (Record no. 20585)
[ view plain ]
| 000 -LEADER | |
|---|---|
| fixed length control field | 00322nam a22001217a 4500 |
| 082 ## - DEWEY DECIMAL CLASSIFICATION NUMBER | |
| Classification number | 261.8362 JOS |
| 100 ## - MAIN ENTRY--AUTHOR NAME | |
| Author name | Joseph, M.J. |
| 245 ## - TITLE STATEMENT | |
| Title | The Eco-Vision of the Earth Community: Biblical and Theological Perspectives |
| 260 ## - PUBLICATION, DISTRIBUTION, ETC. (IMPRINT) | |
| Place of publication | Bangalore |
| Name of publisher | BTESSC |
| Year of publication | 2008 |
| 300 ## - PHYSICAL DESCRIPTION | |
| Number of Pages | 141 |
| 650 ## - SUBJECT ADDED ENTRY--TOPICAL TERM | |
| Topical Term | Ecology-Christianity |
| 942 ## - ADDED ENTRY ELEMENTS (KOHA) | |
| Koha item type | Books |
| Home library | Current library | Shelving location | Date acquired | Full call number | Accession Number | Koha item type |
|---|---|---|---|---|---|---|
| Henry Martyn Institute Library | Henry Martyn Institute Library | General stacks | 08/30/2017 | 261.8362 JOS | 11003244 | Books |
